[Event "1st Stage Russian Cup"]
[Site "Tomsk RUS"]
[Date "2003.07.06"]
[Round "3"]
[White "Mikhel,V"]
[Black "Iskusnyh,S"]
[Result "0-1"]
[WhiteElo "2303"]
[BlackElo "2487"]

1.e4 c5 2.Nf3 Nc6 3.Bb5 g6 4.O-O Bg7 5.Re1 Nf6 6.c3 O-O 7.e5 Nd5 8.d4 cxd4
9.cxd4 d6 10.Nc3 Nc7 11.Bxc6 bxc6 12.h3 Ne6 13.Be3 Bb7 14.Qc1 dxe5 15.dxe5 c5
16.Rd1 Qa5 17.Nd5 Rfd8 18.Qc4 Bxd5 19.Rxd5 Rxd5 20.Qxd5 Rd8 21.Qc4 Nd4 22.Ng5 e6
23.f4 Qb4 24.Qxb4 cxb4 25.Kf2 f6 26.exf6 Bxf6 27.Ne4 Bg7 28.Rd1 e5 29.Bxd4 exd4
30.Ke2 Rc8 31.Kd3 h6 32.Re1 Rc6 33.b3 Kf7 34.Re2 Rc1 35.Nd6+ Kg8 36.Re8+ Kh7
37.Re7 Kg8 38.g4 Rh1 39.f5 Rxh3+ 40.Kc4 Rc3+ 41.Kb5 a6+ 42.Ka4 gxf5 43.gxf5 Bf8
44.Rd7 Rc2 45.Ka5 Rc5+ 46.Kb6 Rd5 47.Ne4 Rxd7 48.Nf6+ Kh8 49.Nxd7 d3  0-1

[Event "32nd TCh-GRE"]
[Site "Kallithea Chalkidiki GRE"]
[Date "2003.07.07"]
[Round "4"]
[White "Antoniewski,R"]
[Black "Skripchenko,A"]
[Result "1-0"]
[WhiteElo "2499"]
[BlackElo "2489"]

1.e4 c5 2.Nf3 Nc6 3.Bb5 Qb6 4.Nc3 e6 5.O-O Nd4 6.Bc4 Nxf3+ 7.Qxf3 Ne7 8.Qg3 a6
9.b3 Qd8 10.Bb2 b5 11.Bd3 Nc6 12.a4 bxa4 13.Nd5 d6 14.Bxg7 Rg8 15.Nf6+ Qxf6
16.Bxf6 Rxg3 17.fxg3 axb3 18.cxb3 e5 19.Bb5 Bb7 20.Bc4 Nd4 21.Rae1 Bc6 22.d3 Bb5
23.Bxb5+ axb5 24.Ra1 Rxa1 25.Rxa1 Kd7 26.g4 Ke6 27.Bh4 f6 28.Rb1 Bh6 29.Bf2 Nc6
30.Kf1 Bd2 31.Ke2 Bc3 32.Be3 Ba5 33.Ra1 Bc3 34.Ra6 Kd7 35.Ra8 Na5 36.Ra7+ Ke6
37.Kd1 Nxb3 38.Kc2 Bd4 39.Kxb3 Bxe3 40.Rxh7 d5 41.exd5+ Kxd5 42.Rb7 e4 43.dxe4+ Kc6
44.Rf7 Bd4 45.h4 c4+ 46.Kb4 Be5 47.h5 Bd6+ 48.Kc3 Be5+ 49.Kd2 b4 50.h6 b3
51.h7 c3+ 52.Kd3 f5 53.Rxf5 c2 54.Rxe5 c1=Q 55.h8=Q Qc2+ 56.Ke3 Qc1+ 57.Kf3 Qc3+
58.Kf4 Qc1+ 59.Kf5 Qf1+ 60.Kg6  1-0

[Event "Open"]
[Site "Montpellier FRA"]
[Date "2003.07.07"]
[Round "1"]
[White "Vajda,Al1"]
[Black "Bedouin,X"]
[Result "1-0"]
[WhiteElo "2447"]
[BlackElo "2229"]

1.e4 c5 2.Nf3 Nc6 3.Bb5 e6 4.O-O Nge7 5.Re1 a6 6.Bf1 d5 7.exd5 Qxd5 8.b3 Nf5
9.Bb2 Be7 10.a4 b6 11.Bd3 O-O 12.Be4 Qd6 13.d4 cxd4 14.g4 Bb7 15.gxf5 Qf4
16.h3 Qh4 17.Ne5 Rac8 18.Na3 Qxh3 19.Qf3 Qxf3 20.Bxf3 Bb4 21.Re2 exf5 22.Nd7 Rfe8
23.Rxe8+ Rxe8 24.Nxb6 Rd8 25.Nd5 Bc5 26.Nc4 Kf8 27.Nf4 Rd7 28.Nd3 Be7 29.Bxc6 Bxc6
30.Nde5 Rc7 31.Nxc6 Rxc6 32.Bxd4  1-0

[Event "Open A"]
[Site "Poznan POL"]
[Date "2003.07.07"]
[Round "1"]
[White "Olszewski,Ma"]
[Black "Przezdziecka,E"]
[Result "1-0"]
[WhiteElo "2210"]
[BlackElo "1974"]

1.e4 c5 2.Nf3 Nc6 3.Bb5 Nd4 4.Nxd4 cxd4 5.O-O a6 6.Ba4 g6 7.d3 Bg7 8.f4 e6
9.Nd2 b5 10.Bb3 Ne7 11.f5 gxf5 12.Qh5 O-O 13.Rf3 f4 14.Rh3 h6 15.Nf3 Ng6
16.g3 Qf6 17.Bd2 d6 18.Kh1 e5 19.g4 Ne7 20.Rg1 Qg6 21.Qh4 Bf6 22.g5 hxg5
23.Rxg5 Bxh3 24.Rxg6+ Nxg6 25.Qxf6 Nh8 26.Qg5+ Kh7 27.Qh5+ Kg7 28.Qxh3 Ng6
29.Be1 Ra7 30.Qg4 Rg8 31.Nh4 Kf8 32.Bb4 Ne7 33.Qh5 Nc8 34.Qh6+ Ke8 35.Nf5 a5
36.Nxd6+ Nxd6 37.Qxd6  1-0

[Event "11th Fair Play Trophy"]
[Site "Techirghiol ROM"]
[Date "2003.07.07"]
[Round "7"]
[White "Susterman,A"]
[Black "Manescu,T"]
[Result "0-1"]
[WhiteElo "2280"]
[BlackElo "2354"]

1.e4 c5 2.Nf3 Nc6 3.Bb5 e6 4.O-O Nge7 5.b3 Ng6 6.Bb2 f6 7.d4 cxd4 8.Nxd4 a6
9.Be2 Qc7 10.Nxc6 dxc6 11.a4 Bd6 12.h3 O-O 13.a5 Rd8 14.Qe1 Nf4 15.Bc4 Qf7
16.Qe3 Qg6 17.Qf3 Kh8 18.Nc3 e5 19.Qg3 Be6 20.Qxg6 hxg6 21.Bxe6 Nxe6 22.Na4 Nc5
23.Nb6 Rab8 24.Rfe1 Bc7 25.Nc4 Rd7 26.Kf1 Rbd8 27.f3 Ne6 28.Bc3 Kg8 29.Ne3 Kf7
30.Nc4 Nf4 31.Ne3 Bb8 32.Nc4 Ba7 33.Bxe5 fxe5 34.Nxe5+ Ke6 35.Nxd7 Rxd7 36.Red1 Bd4
37.Ra4 Bc3 38.Rxd7 Kxd7 39.h4 Ne6 40.g3 c5 41.f4 Nd4 42.Rc4 Bb4 43.c3 Nxb3  0-1

[Event "32nd TCh-GRE"]
[Site "Kallithea Chalkidiki GRE"]
[Date "2003.07.08"]
[Round "5"]
[White "Kotrotsos,V"]
[Black "Papadopoulos,I"]
[Result "1-0"]
[WhiteElo "2225"]
[BlackElo "2187"]

1.e4 c5 2.Nf3 Nc6 3.Bb5 g6 4.c3 Nf6 5.e5 Nd5 6.d4 cxd4 7.Qb3 Nc7 8.Bc4 Ne6
9.cxd4 Na5 10.Qc3 Nxc4 11.Qxc4 d5 12.exd6 Qxd6 13.d5 Qc5 14.Qxc5 Nxc5 15.Be3 e6
16.Bd4 Rg8 17.Nc3 Bd7 18.O-O O-O-O 19.Ng5 Be8 20.Nxh7 Be7 21.Bxc5 Bxc5 22.Nf6 Rf8
23.dxe6 fxe6 24.Nxe8 Rfxe8 25.Ne4 Bd4 26.Rac1+ Kb8 27.Rc2 Rd5 28.g3 Red8
29.Kg2 Ra5 30.b3 e5 31.h4 Ra3 32.Re1 Ra6 33.Ng5 Rf6 34.Ree2 Rd5 35.Nf3 a5
36.Re4 Rc6 37.Rd2 Rcd6 38.Rde2 a4 39.bxa4 Ra5 40.Nxe5 Bxe5 41.Rxe5 Rxa4 42.Re6  1-0

[Event "32nd TCh-GRE"]
[Site "Kallithea Chalkidiki GRE"]
[Date "2003.07.08"]
[Round "5"]
[White "Gavrilakis,N"]
[Black "Haritakis,T"]
[Result "1-0"]
[WhiteElo "2399"]
[BlackElo "2295"]

1.e4 c5 2.Nf3 Nc6 3.Bb5 g6 4.c3 Bg7 5.d4 Qb6 6.Ba4 cxd4 7.O-O e5 8.Na3 Nge7
9.cxd4 Nxd4 10.Nc4 Qc5 11.Nxd4 Qxc4 12.Nb5 O-O 13.Nd6 Qc7 14.Bg5 Nc6 15.Rc1 Qb6
16.Bb3 h6 17.Bxf7+ Kh7 18.Be3 Nd4 19.Nc4 Qa6 20.Bd5 d6 21.Rc3 Bd7 22.Ra3 Qb5
23.Ra5 Qb4 24.Bd2  1-0

[Event "Open"]
[Site "Montpellier FRA"]
[Date "2003.07.08"]
[Round "2"]
[White "Pert,R"]
[Black "Marcelin,C"]
[Result "1/2-1/2"]
[WhiteElo "2380"]
[BlackElo "2503"]

1.e4 c5 2.Nf3 Nc6 3.Bb5 g6 4.Bxc6 dxc6 5.d3 Bg7 6.Nc3 Nf6 7.h3 O-O 8.Be3 b6
9.Qd2 e5 10.O-O Ne8 11.Nh2 Nc7 12.f4 exf4 13.Bxf4 Ne6 14.Be3 Nd4 15.Rae1 Be6
16.b3 Qd7 17.Nf3 Nxf3+ 18.Rxf3 f5 19.Ref1 Rf7 20.Kh1 Raf8 21.Bh6 fxe4 22.Rxf7 Rxf7
23.Rxf7 Qxf7 24.Bxg7 Qxg7 25.Nxe4  1/2-1/2

[Event "1st Stage Russian Cup"]
[Site "Tomsk RUS"]
[Date "2003.07.08"]
[Round "5"]
[White "Frolova,T"]
[Black "Sudarikov,K"]
[Result "0-1"]
[WhiteElo "2123"]
[BlackElo "2202"]

1.e4 c5 2.Nf3 Nc6 3.Bb5 d6 4.d4 cxd4 5.Qxd4 Bd7 6.Bxc6 Bxc6 7.Nc3 Nf6 8.Bg5 e5
9.Qd3 Be7 10.O-O-O Qc7 11.Bxf6 gxf6 12.Qc4 Rc8 13.Qe2 Qa5 14.Kb1 b5 15.Nd5 b4
16.Nxe7 Kxe7 17.Nh4 Bd7 18.Rd5 Qb6 19.Rhd1 Rc6 20.f4 Rhc8 21.fxe5 fxe5 22.R5d2 Qa5
23.Qh5 Ra6 24.Qg5+ Kf8 25.Qh6+ Ke8 26.Rxd6 Qxa2+ 27.Kc1 Qa1+ 28.Kd2 Rxd6+
29.Qxd6 Qxb2 30.Ke1 Qc3+  0-1

[Event "26th Open"]
[Site "Barbera del Valles ESP"]
[Date "2003.07.09"]
[Round "5"]
[White "Asis Garagatagli,H"]
[Black "Perpinya Rofes,L"]
[Result "0-1"]
[WhiteElo "2156"]
[BlackElo "2314"]

1.e4 c5 2.Nf3 Nc6 3.Bb5 e6 4.O-O Nge7 5.b3 a6 6.Bxc6 Nxc6 7.Bb2 b5 8.c4 bxc4
9.bxc4 Rb8 10.Bc3 Qc7 11.d3 Qf4 12.Na3 f6 13.Nc2 Bd6 14.g3 Qg4 15.Ne3 Qh5
16.Nd2 Qh3 17.f4 Bb7 18.Rb1 h5 19.e5 h4 20.Qg4 Qxg4 21.Nxg4 fxe5 22.fxe5 Bc7
23.Ne4 hxg3 24.hxg3 Nd4 25.Bxd4 cxd4 26.Nc5 Bc6 27.Rxb8+ Bxb8 28.Nxa6 Ba7
29.Nb4 Ba8 30.Kf2 Rh5 31.Na6 Ke7 32.Nc7 Bc6 33.Nb5 Bc5 34.Ke1 Bg2 35.Rf4 Rh1+
36.Kf2 Bh3 37.Ke2 Ra1 38.Nd6 Rxa2+ 39.Kd1 Bxd6 40.exd6+ Kxd6 41.Rxd4+ Kc5  0-1

[Event "26th Open"]
[Site "Barbera del Valles ESP"]
[Date "2003.07.09"]
[Round "5"]
[White "De la Paz,F"]
[Black "Grigore,Ge"]
[Result "1-0"]
[WhiteElo "2442"]
[BlackElo "2488"]

1.e4 c5 2.Nf3 Nc6 3.Bb5 g6 4.O-O Bg7 5.c3 Nf6 6.e5 Nd5 7.d4 cxd4 8.cxd4 Nc7
9.Nc3 Nxb5 10.Nxb5 O-O 11.Re1 a6 12.Nc3 d6 13.exd6 Qxd6 14.d5 Nb4 15.a3 Bxc3
16.bxc3 Nxd5 17.c4 Nf6 18.Qxd6 exd6 19.Bg5 Kg7 20.Rad1 Rd8 21.c5 d5 22.Re7 Rd7
23.Re5 h6 24.Bc1 Rc7 25.Be3 Be6 26.Bd4 Kg8 27.Rxe6 fxe6 28.Bxf6 Rxc5 29.Be7 Rc7
30.Bd6 Rc6 31.Bf4 g5 32.Bd2 Rac8 33.h4 gxh4 34.Ne5 Rc2 35.Bxh6 Re2 36.Be3 Kg7
37.a4 Ra2 38.Rb1 Rxa4 39.Rxb7+ Kf6 40.Nf3 Rcc4 41.Bg5+ Kg6 42.Kh2 Rg4 43.Bd8 Rgf4
44.Ne5+ Kh6 45.f3 Rf5 46.Ng4+ Kg6 47.Bxh4 e5 48.Rb6+ Kh7 49.Bf6 e4 50.Rb7+ Kg6
51.Rg7+ Kh5 52.f4 e3 53.Ne5 Kh6 54.Nf7+  1-0

[Event "32nd TCh-GRE"]
[Site "Kallithea Chalkidiki GRE"]
[Date "2003.07.09"]
[Round "6"]
[White "Makropoulou,M"]
[Black "Voulgaridou,D"]
[Result "1-0"]
[WhiteElo "2225"]
[BlackElo "2025"]

1.e4 c5 2.Nf3 Nc6 3.Bb5 g6 4.c3 Bg7 5.d4 cxd4 6.cxd4 Nf6 7.Nc3 O-O 8.d5 a6
9.Be2 Na5 10.O-O d6 11.b4 Nxe4 12.Nxe4 Bxa1 13.bxa5 Bg7 14.Qa4 Bf5 15.Ng3 Bd7
16.Qb4 Bb5 17.Be3 Qd7 18.Nd4 Bxd4 19.Qxd4 Bxe2 20.Nxe2 Rfc8 21.Bh6 f6 22.Nf4 Qg4
23.Qe3 Qh4 24.Nh3 g5 25.Nxg5 fxg5 26.Bxg5 Qg4 27.h3 Qf5 28.Bxe7 Qe5 29.Qxe5 dxe5
30.d6 Kf7 31.d7 Kxe7 32.dxc8=Q Rxc8 33.Rb1 Rc7 34.Rb6 Kf7 35.g4 Kg8 36.Kg2 Rc5
37.Rxb7 Rxa5 38.Rb2 Kf7 39.h4 Ra3 40.Rb7+ Kg6 41.Rb6+ Kf7 42.Rh6 Kg7 43.Rh5  1-0

[Event "32nd TCh-GRE"]
[Site "Kallithea Chalkidiki GRE"]
[Date "2003.07.09"]
[Round "6"]
[White "Tzolas,G"]
[Black "Nikolaidis,K"]
[Result "0-1"]
[WhiteElo "2157"]
[BlackElo "2315"]

1.e4 c5 2.Nf3 Nc6 3.Bb5 Qc7 4.O-O g6 5.c3 Nf6 6.Re1 a6 7.Ba4 Bg7 8.d4 cxd4
9.cxd4 O-O 10.Nc3 d6 11.h3 e6 12.Bf4 b5 13.Bb3 Na5 14.Rc1 Qe7 15.e5 Ne8 16.exd6 Nxd6
17.Nd5 Qd8 18.Bg5 f6 19.Nc7 fxg5 20.Nxa8 Nac4 21.Ne5 Bb7 22.Nxc4 bxc4 23.Bxc4 Nxc4
24.Rxc4 Qd5  0-1

[Event "32nd TCh-GRE"]
[Site "Kallithea Chalkidiki GRE"]
[Date "2003.07.09"]
[Round "7"]
[White "Sandalakis,A"]
[Black "Papadopoulos,I"]
[Result "0-1"]
[WhiteElo "2138"]
[BlackElo "2187"]

1.e4 c5 2.Nf3 Nc6 3.Bb5 g6 4.O-O Bg7 5.c3 Nf6 6.Re1 O-O 7.d4 cxd4 8.cxd4 d5
9.e5 Ne8 10.Nc3 Nc7 11.Bxc6 bxc6 12.Na4 f6 13.h3 Ne6 14.b3 Qe8 15.Ba3 fxe5
16.Nxe5 Rf4 17.Bc5 Rf5 18.Nf3 Rh5 19.Qe2 Qf8 20.Rad1 Nxc5 21.Nxc5 e5 22.Qc2 e4
23.Nh2 Rf5 24.b4 h5 25.a4 Rb8 26.Qd2 Bh6 27.Qb2 Bf4 28.Nf1 Bd6 29.Rc1 Rg5
30.Rc3 Bxc5 31.dxc5 d4 32.Qd2 e3 33.Qa2+ Kh7 34.h4 Rf5 35.Rc2 d3 36.Rc3 exf2+  0-1

[Event "Open"]
[Site "Montpellier FRA"]
[Date "2003.07.09"]
[Round "3"]
[White "Boudre,JP"]
[Black "Bedouin,X"]
[Result "1-0"]
[WhiteElo "2392"]
[BlackElo "2229"]

1.e4 c5 2.Nf3 Nc6 3.Bb5 e6 4.b3 Nge7 5.Bb2 a6 6.Bxc6 Nxc6 7.O-O b5 8.Na3 Bb7
9.c4 b4 10.Nc2 Qc7 11.Ne3 Bd6 12.d3 O-O 13.h3 Ne5 14.Nxe5 Bxe5 15.Qd2 f5
16.exf5 exf5 17.d4 cxd4 18.Bxd4 Qd6 19.Rad1 Bh2+ 20.Kh1 Bf4 21.Kg1 Qg6 22.Qb2 Bf3
23.Bxg7 Rfe8 24.Rxd7 Rxe3 25.fxe3 Bxe3+ 26.Kh1 Qg3 27.Be5  1-0

[Event "11th Fair Play Trophy"]
[Site "Techirghiol ROM"]
[Date "2003.07.09"]
[Round "9"]
[White "Nemeth,F"]
[Black "Raceanu,V"]
[Result "1/2-1/2"]
[WhiteElo "2284"]
[BlackElo "2378"]

1.e4 c5 2.Nf3 Nc6 3.Bb5 g6 4.Bxc6 dxc6 5.d3 Bg7 6.h3 Nf6 7.Nc3 Nd7 8.Be3 e5
9.Qd2 h6 10.O-O Qe7 11.a3 b6 12.Rfe1 Nf8 13.b4 Ne6 14.bxc5 Nxc5 15.Nxe5 Qxe5
16.d4 Qd6 17.dxc5 Qxd2 18.Bxd2 O-O 19.Rad1 Rd8 20.Bf4 Bxh3 21.Rxd8+ Rxd8
22.Na4 b5 23.gxh3 bxa4 24.Bd6  1/2-1/2

[Event "1st Stage Russian Cup"]
[Site "Tomsk RUS"]
[Date "2003.07.09"]
[Round "6"]
[White "Tregubov,Al"]
[Black "Logunov,M"]
[Result "0-1"]
[WhiteElo "2354"]
[BlackElo "2422"]

1.e4 c5 2.Nf3 Nc6 3.Bb5 d6 4.O-O Bd7 5.Re1 a6 6.Bf1 Bg4 7.h3 Bh5 8.c3 Nf6
9.d3 e6 10.Nbd2 Be7 11.Be2 O-O 12.Nf1 d5 13.Ng3 Bg6 14.Nh4 b5 15.Nxg6 hxg6
16.exd5 Nxd5 17.Bf3 Qc7 18.Qc2 Rfd8 19.Bd2 Rab8 20.a3 Ne5 21.Be2 g5 22.Ne4 Nf4
23.Bxf4 gxf4 24.Rad1 f3 25.Bxf3 Nxf3+ 26.gxf3 Qf4 27.Kg2 Rd5 28.Ng3 Rbd8
29.Qe2 Bh4 30.Qe4 Qxe4 31.Rxe4 Bf6 32.a4 Rxd3 33.Rxd3 Rxd3 34.axb5 axb5 35.Re2 c4
36.Ne4 Be7 37.Rc2 f5 38.Nd2 Bf6 39.Nb1 Kf7 40.Na3 Rd5 41.Re2 Be7 42.Nc2 Bc5
43.Kf1 Kf6 44.Kg2 Rd3 45.Ne1 Rd1 46.Nc2 g5 47.Ne3 Rd3 48.Nf1 Bd6 49.Re1 Bf4
50.Ra1 b4 51.cxb4 Rb3 52.Ra2 Ke5 53.Ng3 Bc1 54.Ra5+ Kf6 55.Ne2 Bxb2 56.f4 Rxb4
57.fxg5+ Kxg5 58.Rc5 e5 59.Rc6 e4 60.Rc5 Kf6 61.Ng3 Be5 62.Rc6+ Kg5 63.h4+ Kf4
64.h5 c3 65.Ne2+ Kg4 66.Nxc3 f4 67.f3+ exf3+ 68.Kf1 Bxc3 69.Rxc3 Rb1+ 70.Kf2 Rb2+
71.Ke1 Kg3 72.h6 Kg2  0-1

[Event "Andorra"]
[Site "Andorra la Vella AND"]
[Date "2003.07.10"]
[Round "6"]
[White "Castellanos,R"]
[Black "Simonet,M"]
[Result "1-0"]
[WhiteElo "2489"]
[BlackElo "2345"]

1.e4 c5 2.Nf3 Nc6 3.Bb5 g6 4.Bxc6 dxc6 5.d3 Bg7 6.h3 Nf6 7.O-O Nd7 8.Nc3 e5
9.a3 Nf8 10.b4 Ne6 11.Na4 cxb4 12.axb4 O-O 13.Be3 Bd7 14.Qd2 f6 15.Nc5 b6
16.Nb3 Qc7 17.Ra3 Rfb8 18.Rfa1 Bf8 19.R3a2 Rb7 20.c3 c5 21.bxc5 Nxc5 22.Nxc5 bxc5
23.Ra6 Rb6 24.Rxb6 Qxb6 25.d4 cxd4 26.cxd4 exd4 27.Nxd4 Be6 28.Qe2 Bf7 29.Qf3 Qb7
30.Rc1 Re8 31.Qxf6 Bg7 32.Qc6 Qxc6 33.Nxc6 Rxe4 34.Nxa7 Bd4 35.Bxd4 Rxd4
36.Nc6 Rc4 37.Rxc4 Bxc4 38.f4 h5 39.Ne5  1-0

[Event "32nd TCh-GRE"]
[Site "Kallithea Chalkidiki GRE"]
[Date "2003.07.10"]
[Round "8"]
[White "Panagopoulos,N"]
[Black "Mastrokoukos,G"]
[Result "1-0"]
[WhiteElo "2315"]
[BlackElo "2363"]

1.e4 c5 2.Nf3 Nc6 3.Bb5 e6 4.Bxc6 bxc6 5.c4 d6 6.d4 cxd4 7.Qxd4 e5 8.Qd3 Nf6
9.Nc3 Be7 10.O-O Qc7 11.h3 O-O 12.Be3 a5 13.b3 Nh5 14.Rfd1 Rb8 15.c5 dxc5
16.Na4 Nf4 17.Qc2 Rb5 18.Nxc5 Re8 19.Rac1 Bxc5 20.Bxc5 Bxh3 21.gxh3 Qc8 22.Be3 Qxh3
23.Bxf4 exf4 24.Qxc6 Rbb8 25.e5 h6 26.Qe4 Rb6 27.Rc6 Rxc6 28.Qxc6 Re6 29.Rd6 g5
30.Rxe6 fxe6 31.Qe8+ Kg7 32.Qe7+ Kg8 33.Nh2 f3 34.Qd8+ Kg7 35.Qf6+  1-0

[Event "25th Open"]
[Site "Oberwart AUT"]
[Date "2003.07.10"]
[Round "6"]
[White "Lendwai,R"]
[Black "Golovchenko,G"]
[Result "1/2-1/2"]
[WhiteElo "2444"]
[BlackElo "2317"]

1.e4 c5 2.Nf3 Nc6 3.Bb5 g6 4.Bxc6 bxc6 5.O-O Bg7 6.c3 Nf6 7.Re1 O-O 8.d4 cxd4
9.cxd4 d5 10.e5 Ne4 11.Nbd2 c5 12.dxc5 Nxc5 13.Nb3 Nxb3 14.Qxb3 Ba6 15.Bg5 h6
16.Qa3 hxg5 17.Qxa6 g4 18.Nd4 e6  1/2-1/2

[Event "1st Stage Russian Cup"]
[Site "Tomsk RUS"]
[Date "2003.07.10"]
[Round "7"]
[White "Dashibalov,E"]
[Black "Lependin,A"]
[Result "1/2-1/2"]
[WhiteElo "2191"]
[BlackElo "2393"]

1.e4 c5 2.Nf3 Nc6 3.Bb5 g6 4.O-O Bg7 5.Re1 e5 6.c3 Nge7 7.Na3 O-O 8.d3 a6
9.Ba4 b5 10.Bb3 d6 11.Be3 h6 12.d4 c4 13.Bc2 Bg4 14.Qd2 Bxf3 15.gxf3 g5 16.h4 Ng6
17.hxg5 hxg5 18.Bxg5 Bf6 19.Be3 Qd7 20.Kf1 Rfc8 21.Ke2 Nd8 22.dxe5 Bxe5 23.Rg1 b4
24.Nxc4 Rxc4 25.Qd5 Ne6 26.Rxg6+ fxg6 27.Qxa8+ Rc8 28.Qd5 Kg7 29.Bb3 Nc7
30.Qd3 bxc3 31.Bd4 Qb5 32.bxc3 Rf8 33.Rd1 Qxd3+ 34.Rxd3 Kh6 35.Bxe5 dxe5
36.Rd6 Nb5 37.Rc6 Kg7 38.a4 Na3 39.Rxa6 Rb8 40.Bd5 Rb2+ 41.Kf1 Rb1+ 42.Kg2 Nc2
43.f4 exf4 44.Kf3 Rf1 45.e5 Ne1+ 46.Ke2 Rg1 47.Ra7+ Kh6 48.e6 Rg5 49.Kxe1 Rxd5
50.e7 Re5+ 51.Kf1 g5 52.f3 Kh5 53.a5 g4 54.fxg4+ Kxg4 55.Rd7 Kg3 56.a6 f3
57.a7 Rh5 58.Ke1 f2+ 59.Kd2 f1=Q 60.Rd3+ Kf4 61.Rd4+ Kg3 62.Rd3+ Kf4 63.Rd4+ Kg3  1/2-1/2

[Event "Andorra"]
[Site "Andorra la Vella AND"]
[Date "2003.07.11"]
[Round "7"]
[White "De la Riva Aguado,O"]
[Black "Fluvia Poyatos,J"]
[Result "1-0"]
[WhiteElo "2543"]
[BlackElo "2461"]

1.e4 c5 2.Nf3 Nc6 3.Bb5 g6 4.O-O Bg7 5.Re1 e5 6.a3 a5 7.c3 Qc7 8.a4 Nf6 9.d4 cxd4
10.cxd4 exd4 11.e5 Nd5 12.Nxd4 O-O 13.Nf3 Ncb4 14.Nc3 Nxc3 15.bxc3 Qxc3 16.Bg5 d5
17.Rc1 Qa3 18.Re3 Qa2 19.Nd4 f6 20.exf6 Bxf6 21.Bxf6 Rxf6 22.Re8+ Rf8 23.Rxf8+ Kxf8
24.Qf3+ Kg8 25.Qf6 Nc6 26.Nxc6 bxc6 27.Qxc6  1-0

[Event "103rd ch-SUI"]
[Site "Silvaplana SUI"]
[Date "2003.07.11"]
[Round "2"]
[White "Guller,A"]
[Black "Raetsky,A"]
[Result "0-1"]
[WhiteElo "2119"]
[BlackElo "2438"]

1.e4 c5 2.Nf3 Nc6 3.Bb5 e6 4.O-O Nge7 5.Re1 a6 6.Bf1 d5 7.exd5 Qxd5 8.Nc3 Qd8
9.Ne4 Nf5 10.d3 Be7 11.Bf4 f6 12.g4 Nfd4 13.c3 Nxf3+ 14.Qxf3 O-O 15.Ng3 Qd7
16.h3 b5 17.Bg2 Bb7 18.Qe2 e5 19.Be3 Na5 20.Bxb7 Qxb7 21.Nf5 Rfe8 22.a3 Nb3
23.Rad1 Bf8 24.Qc2 Qf7 25.Qe2 Rad8 26.Qf3 Qd5 27.Qxd5+ Rxd5 28.Kf1 Red8 29.Ke2 g6
30.Ng3 Kf7 31.f3 c4 32.dxc4 bxc4 33.Rxd5 Rxd5 34.Rd1 Rxd1 35.Kxd1 Ke6 36.Ne4 Be7
37.Ke2 f5 38.Nd2 Nxd2 39.Bxd2 Kd5 40.gxf5 gxf5 41.Be1 Bg5  0-1

[Event "1st Stage Russian Cup"]
[Site "Tomsk RUS"]
[Date "2003.07.11"]
[Round "8"]
[White "Demakov,P"]
[Black "Reznichenko,A"]
[Result "1/2-1/2"]
[WhiteElo "2196"]
[BlackElo "2360"]

1.e4 c5 2.Nf3 Nc6 3.Bb5 g6 4.Bxc6 dxc6 5.h3 f6 6.d3 e5 7.Be3 Nh6 8.O-O Nf7
9.Nc3 Be6 10.Nd2 Be7 11.f4 exf4 12.Rxf4 O-O 13.Qe2 Ne5 14.Rf2 Bd6 15.Raf1 Qe7
16.Bh6 Rf7 17.Nd1 Rd8 18.Ne3 b5 19.Nf3 Nd7 20.Nh2 Bg3 21.Rf3 Be5 22.c3 Bxh2+
23.Kxh2 Ne5  1/2-1/2

[Event "FSIM July"]
[Site "Budapest HUN"]
[Date "2003.07.12"]
[Round "8"]
[White "Werner,Di"]
[Black "Wendt,J"]
[Result "1/2-1/2"]
[WhiteElo "2376"]
[BlackElo "2291"]

1.e4 c5 2.Nf3 Nc6 3.Bb5 g6 4.O-O Bg7 5.Re1 Nf6 6.c3 O-O 7.h3 e5 8.d3 d6 9.Nbd2 Bd7
10.Nf1 a6 11.Ba4 b5 12.Bb3 Na5 13.Bc2 Qc7 14.Bg5 Be6 15.Ne3 h6  1/2-1/2

[Event "103rd ch-SUI"]
[Site "Silvaplana SUI"]
[Date "2003.07.12"]
[Round "3"]
[White "Bhend,E"]
[Black "Carron,J"]
[Result "1-0"]
[WhiteElo "2232"]
[BlackElo "2300"]

1.e4 c5 2.Nf3 Nc6 3.Bb5 e6 4.c3 Nge7 5.d4 d5 6.dxc5 Qc7 7.Nbd2 a6 8.Be2 g6
9.exd5 exd5 10.Nb3 Bg7 11.Bg5 O-O 12.Qd2 Nf5 13.O-O Re8 14.Rfe1 Be6 15.Bf4 Qd7
16.Bd3 Rac8 17.Re2 Nce7 18.h3 Qd8 19.Rae1 d4 20.Nbxd4 Nxd4 21.Nxd4 Bxd4 22.cxd4 Qxd4
23.Be5 Qh4 24.Re4 Qh5 25.Be2 Qf5 26.Bg4  1-0

[Event "1st Stage Russian Cup"]
[Site "Tomsk RUS"]
[Date "2003.07.12"]
[Round "9"]
[White "Frolova,T"]
[Black "Monastyrev,S"]
[Result "1/2-1/2"]
[WhiteElo "2123"]
[BlackElo "2207"]

1.e4 c5 2.Nf3 Nc6 3.Bb5 e5 4.Nc3 d6 5.d3 Bg4 6.O-O Qd7 7.Nd5 Be7 8.a4 Bd8
9.a5 Nge7 10.a6 bxa6 11.Rxa6 Qb7 12.c4 O-O 13.Nxe7+ Nxe7 14.Ra2 Nc6 15.Bxc6 Qxc6
16.h3 Bh5 17.g4 Bg6 18.Ne1 Qd7 19.Qf3 a5 20.Nc2 Rb8 21.Bd2 Qb7 22.Ne3 Qb3
23.Ra3 Qxb2 24.Bc1 Qb4 25.Nd5 Qb7 26.Bd2 Qb2 27.Bc1 Qc2 28.Rd1 Rb3 29.Ne3 Qc3
30.Ra2 Rb1 31.Nd5 Qb3 32.Ra3 Qb7 33.Nc3 Rb3 34.Nb5 Rxa3 35.Bxa3 Be7 36.Qe2 Qd7
37.Ra1 Bh4 38.Bb2 Ra8 39.Ra4 f6 40.Bc3 Be8  1/2-1/2

[Event "1st Stage Russian Cup"]
[Site "Tomsk RUS"]
[Date "2003.07.12"]
[Round "9"]
[White "Sambuev,B"]
[Black "Degterev,A"]
[Result "0-1"]
[WhiteElo "2496"]
[BlackElo "2331"]

1.e4 c5 2.Nf3 Nc6 3.Bb5 e6 4.Bxc6 bxc6 5.d3 Ne7 6.h4 h5 7.Be3 Ng6 8.e5 f6
9.d4 cxd4 10.Bxd4 fxe5 11.Nxe5 Nxe5 12.Bxe5 Qa5+ 13.Bc3 Qd5 14.O-O Ba6 15.Re1 Qxd1
16.Rxd1 Be7 17.g3 Bf6 18.Nd2 Rb8 19.Nb3 Rb5 20.Bd4 Rd5 21.Bxa7 Bxb2 22.Rxd5 cxd5
23.Rb1 Be5 24.Nc5 Bc8 25.Nd3 Bc7 26.Bb6 Kd8 27.Bd4 Rg8 28.f4 d6 29.Rb3 g6
30.c3 Kd7 31.Ra3 Bb7 32.Ra7 Rb8 33.Nb4 Kc8 34.Kf2 e5 35.Be3 d4 36.cxd4 Bb6
37.Ra3 exd4 38.Bd2 Bc5 39.Rb3 Be4 40.Na6 Rxb3 41.axb3 Bb6 42.Nb4 Kd7 43.Ke2 Ke6
44.Nd3 Kf5 45.Nf2 d5 46.Bb4 Bc2 47.Bd6 Bxb3 48.Nd3 Bc4  0-1

[Event "1st Stage Russian Cup"]
[Site "Tomsk RUS"]
[Date "2003.07.12"]
[Round "9"]
[White "Kabanov,N"]
[Black "Maletin,P"]
[Result "1/2-1/2"]
[WhiteElo "2489"]
[BlackElo "2422"]

1.Nf3 c5 2.e4 Nc6 3.Bb5 g6 4.Bxc6 dxc6 5.h3 Bg7 6.d3 Nf6 7.Nc3 Nd7 8.Be3 e5
9.Qd2 Qe7 10.O-O Nf8 11.a3 Ne6 12.Nh2 O-O 13.b4 f5 14.exf5 gxf5 15.f3 cxb4
16.axb4 Qxb4 17.Rfb1 Qh4 18.Rxa7 Rxa7 19.Bxa7 Nd4 20.Ne2 Bh6 21.f4 Bxf4 22.Nxf4 Qxf4
23.Qxf4 Ne2+ 24.Kf2 Nxf4 25.Re1 e4 26.dxe4 fxe4 27.Rxe4 Nxh3+ 28.Ke3 Ng5  1/2-1/2

[Event "Andorra"]
[Site "Andorra la Vella AND"]
[Date "2003.07.13"]
[Round "9"]
[White "Castellanos,R"]
[Black "Holmsgaard,H"]
[Result "1-0"]
[WhiteElo "2489"]
[BlackElo "2277"]

1.e4 c5 2.Nf3 Nc6 3.Bb5 e6 4.Bxc6 bxc6 5.d3 Ne7 6.Qe2 Ng6 7.h4 h5 8.e5 f6
9.Qe4 Kf7 10.Na3 Be7 11.Rh3 f5 12.Qe2 Ba6 13.Bd2 Rb8 14.O-O-O Qb6 15.b3 Bb5
16.Nc4 Bxc4 17.dxc4 Nf8 18.Rg3 g6 19.Kb2 Qc7 20.Bf4 Nh7 21.Qe3 Rbg8 22.Rd6 Ke8
23.Rd3 Kd8 24.Rh3 Kc8 25.Rh1 Rd8 26.Rhd1 Rhg8 27.g3 Rg7 28.Bh6 Rgg8 29.Qe1 Rge8
30.Bd2 d5 31.exd6 Bxd6 32.Ba5 Qg7+ 33.Kb1 Bc7 34.Rxd8+ Rxd8 35.Qxe6+ Rd7
36.Ne5 Nf8 37.Qe8+  1-0

[Event "zt 3.3"]
[Site "Yongchuan CHN"]
[Date "2003.07.13"]
[Round "3"]
[White "Zhou Weiqi"]
[Black "Zhang Pengxiang"]
[Result "0-1"]
[WhiteElo "2388"]
[BlackElo "2567"]

1.e4 c5 2.Nf3 Nc6 3.Bb5 e6 4.Bxc6 bxc6 5.d3 Ne7 6.Ng5 h6 7.Nh3 e5 8.f4 d5
9.f5 dxe4 10.dxe4 Qxd1+ 11.Kxd1 g6 12.fxg6 Nxg6 13.Nf2 Ba6 14.g3 O-O-O+ 15.Ke1 Be7
16.Be3 Nf8 17.Nd2 Ne6 18.c3 h5 19.Nf3 Bf6 20.b3 Kc7 21.Rd1 Rdg8 22.Rg1 Bc8
23.h3 c4 24.bxc4 Bg5 25.Ke2 Bxe3 26.Kxe3 f6 27.Nh4 Nc5 28.Nf5 Be6 29.Kf3 Bxc4
30.Rd6 Be6 31.Rgd1 Rh7 32.Ne3 Rd7 33.Rxd7+ Nxd7 34.g4 hxg4+ 35.Nfxg4 Rh8
36.Rh1 Bxa2 37.c4 Nb6 38.Ra1 Bxc4 39.Rxa7+ Kb8 40.Rg7 Rxh3+ 41.Kg2 Rh8 42.Nxc4 Nxc4
43.Nxf6 Kc8 44.Kg3 Rh1 45.Ng4 Re1 46.Rg5 Rxe4 47.Kf3 Rf4+ 48.Ke2 e4 49.Rc5 Kc7
50.Nf2 Nd6 51.Re5 Rh4 52.Rg5 Kb6 53.Ng4 c5 54.Ne5 Rh2+ 55.Ke3 Rh3+ 56.Ke2 Kb5
57.Nd7 Rc3 58.Nf6 Nf7 59.Nxe4 Rc2+ 60.Kd3 Nxg5  0-1

[Event "24th Open"]
[Site "Bled SLO"]
[Date "2003.07.14"]
[Round "1"]
[White "Mazi,L"]
[Black "Ravnik,F"]
[Result "1-0"]
[WhiteElo "2402"]
[BlackElo "1996"]

1.e4 c5 2.Nf3 Nc6 3.Bb5 g6 4.O-O Bg7 5.Bxc6 dxc6 6.d3 Nf6 7.a4 O-O 8.Na3 b6
9.h3 Qc7 10.Qe2 e5 11.Nc4 Nd7 12.Nh2 Ba6 13.Ng4 f5 14.Nh6+ Bxh6 15.Bxh6 Rf7
16.exf5 gxf5 17.a5 b5 18.Nd2 Qd6 19.Qh5 Qg6 20.Qxg6+ hxg6 21.Rfe1 Re8 22.f3 Bc8
23.Be3 a6 24.Re2 Kg7 25.Rae1 Rfe7 26.Nb3 c4 27.dxc4 bxc4 28.Nd2 c3 29.bxc3 Re6
30.Rb1 Nf6 31.c4 Kf7 32.Rb8 Nd7 33.Ra8 Bb7 34.Ra7 Bc8 35.c5 R6e7 36.Nc4 Ke6
37.Bg5 Rh7 38.Rd2 f4 39.Rd6+ Kf5 40.h4 Re6 41.Ne3+  1-0